| 000 | 00432cam a22001217a 4500 | ||
|---|---|---|---|
| 008 | 180718b1962 xxu||||| |||| 00| 0 eng d | ||
| 082 | _aA2:T25084 N213 | ||
| 245 |
_aResearch studies of the Conference Board _cby National Industrial Conference Board |
||
| 260 |
_aNew York _bNational Industrial Conference Board _c1962 |
||
| 300 | _a32p. | ||
| 650 | _aIndustrial Research - Bibliography | ||
| 700 | _aNational Industrial Conference Board | ||
| 999 |
_c480864 _d480864 |
||